Raga Swar Prabhav: (Record no. 208632)

MARC details
000 -LEADER
fixed length control field 00714nam a22002171 4500
005 - DATE AND TIME OF LATEST TRANSACTION
control field 20250122114338.0
010 ## - LCCN (DPL NO)
LC control number ENG-143474
020 ## - INTERNATIONAL STANDARD BOOK NUMBER
International Standard Book Number 9788191060737
Terms of availability 995.00
035 ## - SYSTEM CONTROL NUMBER
System control number EN-127006
037 ## - SOURCE OF ACQUISITION
Source of stock number/acquisition DBAD
037 ## - SOURCE OF ACQUISITION
Source of stock number/acquisition Raj Publications
082 ## - DEWEY DECIMAL CLASSIFICATION NUMBER
Classification number 784.1
100 ## - MAIN ENTRY--PERSONAL NAME
Personal name Sharma, Aruna
245 ## - TITLE STATEMENT
Title Raga Swar Prabhav:
Remainder of title Creation of Compositions in Popular Ragas/
Statement of responsibility, etc by Aruna Sharma
260 ## - PUBLICATION, DISTRIBUTION, ETC. (IMPRINT)
Place of publication, distribution, etc New Delhi
Name of publisher, distributor, etc Raj Publications
Date of publication, distribution, etc 2013
270 ## - ADDRESS
Address 108, 4855/24, Ansari Road, Daryaganj
City New Delhi
Postal code 110002
Telephone number 30120939
-- 9811010939
Electronic mail address rajpublications@yahoo.co.in
300 ## - PHYSICAL DESCRIPTION
Extent 174p.
Dimensions 19cm.(Hb)
500 ## - GENERAL NOTE
General note Includes index
650 ## - SUBJECT ADDED ENTRY--TOPICAL TERM
Topical term or geographic name as entry element Tourism
942 ## - ADDED ENTRY ELEMENTS (KOHA)
Source of classification or shelving scheme Dewey Decimal Classification
Item type English Books
Classification part 784.1
Call number suffix SHA
Holdings
Withdrawn status Lost status Not for loan Collection code Home library Current library Date acquired Source of acquisition Cost, normal purchase price Full call number Barcode Copy number Cost, replacement price Koha item type
      Non-fiction Ashok Vihar Ashok Vihar 21/01/2025 Delivery of Books Act Division 995.00 784.1 SHA EN-127006 1 995.00 English Books

© Delhi Public Library
Hit Counter
free hit counter